00582nam a22002417a 450000500170000000800410001702000180005804100080007608200200008410000160010424500340012025000160015426000190017026000140018926000090020330000180021265000170023065000130024765000180026094200130027899900170029195200320030820250219192530.0220405b2008 xxu||||| |||| 00| 0 spa d a9780764139352 aING aR 658.803 I32d4 aImber, Jane aDictionary of marketing terms a4 Edición aEstados Unidos bBarron´s c2008 a600 páginas aDICCIONARIOS aMERCADEO aMERCADOTECNIA cREF2ddc c13334d13334 oR 658.803 I32d4p14831yREF